[Event "TUR-chT Clubs"]
[Site "Konya"]
[Date "2019.07.17"]
[Round "2.16"]
[White "Aycicek, Sahin"]
[Black "Celek, Osman Emre"]
[Result "1-0"]
[WhiteElo "1660"]
[BlackElo "1612"]
[PlyCount "94"]
[EventDate "2019.07.16"]
[EventType "team-swiss"]
[EventRounds "9"]
[EventCountry "TUR"]
[SourceTitle "CBM 191 Extra"]
[Source "ChessBase"]
[SourceDate "2019.09.30"]
[SourceVersion "1"]
[SourceVersionDate "2019.09.30"]
[SourceQuality "1"]
[WhiteTeam "Cendosk Cendere Doga"]
[BlackTeam "Tusas Dernegi"]
[WhiteTeamCountry "TUR"]
[BlackTeamCountry "TUR"]

1. d4 Nf6 2. c4 g6 3. Nc3 Bg7 4. Nf3 d6 5. g3 0-0 6. Bg2 c6 7. 0-0 Bf5 8. h3 Ne4 9. Be3 Qb6 10. Nxe4 Bxe4 11. b3 c5 12. dxc5 dxc5 13. Qe1 Bxa1 14. Qxa1 f6 15. a3 Qxb3 16. Nd2 Qb6 17. Nxe4 Nd7 18. Rb1 Qc7 19. Rxb7 Qc8 20. Rxd7 Qxd7 21. Nxc5 Qf5 22. Bxa8 Rxa8 23. Qd4 Rc8 24. Kg2 Kf7 25. g4 Qe5 26. Qxe5 fxe5 27. Kf3 Rb8 28. Nd3 Rb3 29. Bxa7 Rxa3 30. Be3 Ke6 31. h4 Ra2 32. h5 Rc2 33. Nc5+ Kf7 34. Nd7 Ke6 35. Nb6 gxh5 36. gxh5 Kf5 37. c5 e4+ 38. Kg2 Rxe2 39. Kf1 Rc2 40. h6 e5 41. Ke1 Ke6 42. Kd1 Ra2 43. Nc4 Kd5 44. Nd6 Rb2 45. Kc1 Ra2 46. Nb5 Ra6 47. Kc2 Rf6 1-0